| 000 | 01485nam2a2200325 4500 | ||
|---|---|---|---|
| 001 | RU\NLR\DIGIT\NP\001292 | ||
| 005 | 20250806203855.0 | ||
| 035 | _a(NLR Aleph) 010181876 | ||
| 090 |
_a59933 _c59933 |
||
| 100 | _a20130403d1942 u y0rusy50 ca | ||
| 101 | 0 | _arus | |
| 102 | _aRU | ||
| 110 | _acya|||||||| | ||
| 135 | _acrcn 024apaba | ||
| 200 | 1 | _a1942, № 1 (2556) (1 янв.) - 25, 27 - 63, 73 - 216, 218 - 220, 222 - 229, 231 - 259, 264 - 278, 280 - 295 (2850) (17 дек.) | |
| 210 | _d1942 | ||
| 325 | _aКопия доступна в Электрон. б-ке РНБ http://vivaldi.nlr.ru/ap000000147/view | ||
| 461 | 0 |
_1001RU\NLR\DIGIT\NP\001286 _12001#$aСоциалистическая Осетия$eОрган Обкома ВКП(б), Верховного Совета Северо-Осетинской АССР, Орджоникидзевского Горкома ВКП(б) и Горсовета$v1941, № 210 (2454) (5 сент.) - 304, 306 - 311 (2555) (31 дек.) |
|
| 801 | 0 |
_aRU _bElar |
|
| 852 |
_aNLR _jР6189 |
||
| 856 | 0 | _uhttp://vivaldi.nlr.ru/ap000000147/view | |
| 856 | 1 | _uhttp://vivaldi.nlr.ru/ap000000147/cover | |
| 856 | 2 | _uhttp://vivaldi.nlr.ru/ap000000147/text | |
| 942 | _cISSNP | ||
| 945 | _aРоссийская национальная библиотека | ||
| 980 | _aNB | ||
| 980 | _aBV | ||
| 981 | 2 | 7 |
_a(27) Периодические издания _b(27) Газеты |